00689nam a22002417a 45000010005000000030006000050050017000110080041000280200017000690400029000860500009001150820016001241000029001402450031001692600040002003000060002404900016003005050008003165200042003245210029003665210020003956500032004153922FISKH20260318135419.0240523b cb ||||| |||| 00| 0 eng d a044903496102 aFISKHbengcFISKHdFISKH a590  aQL49.A58734 aPriddy , Roger eauthor  aAnimals /cby Roger Priddy aNew York : bMartin's Press ;c2008 a10 unnumbered pages : bcolor illustrations ; c9 cm .  aBright Baby aB  aPictures of animals teach vocabulary.8 a80 bLexile estimate 8 aB bRaz-Plus  ababy animals vnon-fiction